Every Acheron Victor (Geometry Dash) - Statistics

General Stats
  • This quiz has been taken 13 times
  • The average score is 25 of 69
Answer Stats
# Country Victor % Correct
1 USA Doggie
100%
V USA Zoink
100%
2 USA Trick
89%
4 USA wPopoff
78%
27 Russia A6
67%
50 UK Cursed
67%
13 USA Netermind
56%
8 Colombia RaeveZ
56%
31 Canada RG
56%
14 Ukraine SerVax
56%
32 USA Thnnder
56%
58 Peru Abdieldevil
44%
68 USA Albert
44%
15 Russia Arshadow
44%
55 Estonia Breakcore
44%
67 Brazil DibiiziCookie
44%
19 Canada Finley
44%
9 Austria Hover
44%
52 Romania Kaza
44%
53 Finland kloone
44%
51 USA Kopre
44%
10 Russia Light
44%
36 Russia Nickname09
44%
5 USA OneAlphaHelix
44%
49 Hungary Serpentical
44%
25 Australia SnowBallerr
44%
7 Portugal Taiago
44%
21 Russia teraaa
44%
3 Norway Zeroxy
44%
30 Denmark Axinity
33%
28 Italy brite
33%
63 Russia Dolphy
33%
40 Russia fallen
33%
39 Romania Goanga
33%
22 Poland Gokill
33%
20 USA hstorm
33%
59 Netherlands JesseGamingGD
33%
46 Serbia Kole
33%
38 Sweden LOL123
33%
11 Moldova loliklee
33%
56 Japan MeQ8cNv43s6A
33%
12 Germany Mizukii
33%
45 USA paqoe
33%
41 Romania Quivert
33%
26 Russia ROZE
33%
47 USA Sharkified
33%
18 Russia takma
33%
6 Russia TheRealEandis
33%
43 Norway Tunax
33%
16 Russia w3rty
33%
42 USA Hqmy
22%
37 Russia Kopyedz
22%
17 Russia microforest
22%
23 Chile PaltaDash
22%
64 South Korea PIkil
22%
24 USA ronrjkw
22%
44 USA TheRealMike
22%
29 France zThund3r
22%
60 Ukraine fluget
11%
62 USA LilGig
11%
54 Canada NLShorty
11%
34 Russia noname228gg
11%
61 USA NordstromUSA
11%
33 Russia The_Bat0
11%
65 USA turtle
11%
48 Germany Unlucky2
11%
57 Germany ChopBlox
0%
66 Russia KlimK
0%
35 Canada ScoffGD
0%
No matching quizzes found
Score Distribution
Percent of People with Each Score
Percentile by Number Answered
Your Score History
You have not taken this quiz